000 00851nam a2200265 i 4500
001 000031339
003 DO-SdBNP
005 20240409073643.0
007 ta
008 110620t1939 dr r 000 0bspa d
040 _aDO-SdBNP
_bspa
_cBNPHU
_erda
082 _bN182t
100 1 _aNanita, Abelardo R.
_945855
_eautor
245 1 0 _aTrujillo de cuerpo entero :
_buna semblanza /
_cAbelardo R. Nanita.
250 _a2a edición revisada
264 _aSantiago, República Dominicana :
_bEditorial el Diario,
_c1939.
300 _a80 paginas ;
_c16 cm.
336 _2rdacontent
_atexto
_btxt
337 _2rdamedia
_asin mediación
_bn
338 _2rdacarrier
_avolumen
_bnc
590 _aInventariado, 2018/BT
600 1 0 _aTrujillo Molina, Rafael Leónidas,
_d 1891-1961
_976764
910 _aValidado. control de calidad. EMS
942 _2ddc
_cLBS1
999 _c30831
_d30831